000 00433nam a2200169Ia 4500
008 210707s1986 xx 000 0 und d
041 _aeng
082 _a540.02 MCCJ
100 _aM C C PUBLICATIONS
245 _aJoint entrance test chemistry.
260 _aBangalore
_bM C C Publications
_c1986
300 _aii,333 p
365 _b25
_cINR
563 _aPB
650 _aChemistry Entrance
906 _aC E T Chemistry M C C
999 _c180471
_d180471